000 00245nam a2200097Ia 4500
008 240331s9999 xx 000 0 und d
082 _bNAM
100 _aNamboodaripad, E.M.S
245 0 _aVakuppu vathamum mathacahrpinmaikana poraddamum
942 _cL
999 _c2402
_d2402